[Event "Montreal 1st"]
[Site "Montreal"]
[Date "2000.08.12"]
[Round "9"]
[White "Hebert, Jean"]
[Black "Tyomkin, Dimitri"]
[Result "1/2-1/2"]
[WhiteElo "2428"]
[BlackElo "2522"]
[Annotator "Tyomkin,D"]
[PlyCount "52"]
[EventDate "2000.08.03"]
[EventType "tourn"]
[EventRounds "11"]
[EventCountry "CAN"]
[EventCategory "9"]
[SourceTitle "CBM 079"]
[Source "ChessBase"]
[SourceDate "2000.11.21"]
[SourceVersion "1"]
[SourceVersionDate "2000.11.21"]
[SourceQuality "1"]

1. d4 f5 2. g3 e6 3. Bg2 d5 4. Nh3 Nf6 5. c4 c6 6. O-O Bd6 7. Bf4 Be7 8. Qc2
O-O 9. Nd2 Nh5 10. Rad1 $146 {This move is completely useless for white right
now. The idea of the setup is to transfer the knight from h3 to f4, and the
second knight to f3 and e5. Rad1 is not the part of the plan.} (10. Nf3 {Lukacs
} Nd7 ({On} 10... h6 $6 11. Bxb8 {comes with a greater effect} Rxb8 12. Ne5 $16
) 11. Bg5 {White is chasing his opponent's good B.} (11. Bd2 {is less
consistant.} Bd6 12. Nf4 Nxf4 (12... Qe8 13. Qb3 Kh8 14. Nxh5 Qxh5 15. Bb4 Bxb4
16. Qxb4 Re8 17. Rac1 Qf7 18. Rfe1 $14 {Jacimovic-Djurhuus, Yerevan olm 1996})
13. Bxf4 Bxf4 14. gxf4 Nf6) 11... h6 (11... Bxg5 12. Nhxg5 Qe7 13. e3 h6 14.
Nh3 g5 15. Ne1 {- 11...h6}) 12. Bxe7 Qxe7 13. e3 (13. Ne5 $6 {leads to a worse
P structure for White.} Nxe5 14. dxe5 g5 $132) 13... g5 14. Ne1 b6 $1 {Black
wants to activate his passive B via a6.} 15. f4 g4 16. Nf2 Ba6 17. b3 c5 $1 {
Lukacs} ({There is no time for preparatory moves:} 17... Rac8 $6 18. Ned3 c5
19. cxd5 $1 cxd4 20. Qd2 $16) (17... Nhf6 $2 {1/2-1/2 Lukacs,P-Radjabov,T/
Budapest 1999/CBM 69/[Lukacs] (43)}) 18. Ned3 cxd4 19. exd4 (19. cxd5 dxe3)
19... Rac8 20. Nb2 (20. Qe2 $6 dxc4 21. Ne5 Nxe5 22. fxe5 Ng7) 20... dxc4 21.
bxc4 Bxc4 22. Nxc4 b5 23. Qe2 bxc4 24. Bd5 Ng7 25. Bxc4 Nb6 $13) (10. Be3 $5 {
Shipov-Moskalenko, RUS-Cup2 Moscow 1996 CBM 56.}) (10. Bxb8 {doesn't look very
healthy, because it is not advisable to exchange a well-developed piece for an
undeveloped one.} Rxb8 11. e3 g5 {Black's chances in the Stonewall usually lie
on the >>.} 12. f4 (12. Rab1 Bd7 13. b4 {There is not much on the << this time.
} Rc8 14. Qd3 b5 15. c5 a5 16. a3 Ra8 17. Ra1 Qc7 $15 {Sieglen-Glek, Bonn 1994}
) (12. f3 Bd7 13. Nf2 f4 {otherwise e3-e4 comes with a great effect.} 14. exf4
gxf4 15. g4 Ng7 16. Nd3 Bf6 17. Ne5 Bxe5 18. dxe5 Be8 {activating the bad B on
the /^ b1-h7.} 19. Nb3 d4 20. Rad1 Bg6 21. Qf2 d3 22. Rfe1 h5 23. h3 hxg4 24.
hxg4 Qg5 $13 {P.Cramling-Vaisser, EU-ch rapid 1996}) 12... h6 13. Rab1 Bd7 14.
c5 Nf6 15. Nf2 g4 16. Nd3 h5 17. Ne5 h4 18. b4 h3 19. Bh1 b6 $5 $132 {
Dzevlan-Gleizerov, Stockholm 1997}) 10... Nxf4 $6 {Immediatly I'd replied
wrong. This is shame that this way the StoneWall is played by ChessBase'
expert of this opening!  Black gets comfortable position after:} (10... Nd7 11.
Nf3 h6 $5 (11... Qe8 $5) (11... Nxf4 12. Nxf4 Rf6 $14 {[%cal Ge7d6]}) 12. Bc1
g5 13. Ne1 Nhf6 {[%cal Gd8e8]} (13... Bf6 14. f3 {[%cal Ge2e4]} Ng7 15. e4 $14)
14. f3 Qe8 {and black looks not much worse.}) 11. Nxf4 Na6 $6 (11... Bd6 12.
Nf3 (12. Nd3 Qf6 13. e3 b6 14. Nf3 Bb7 15. Nfe5 Rc8 16. b4 $1 $14 {[%csl Yc5]
[%cal Gc4c5]}) 12... Qf6 13. Nd3 Nd7 14. Qc3 $14) 12. Nf3 g5 (12... Nb4 13. Qb3
dxc4 (13... g5 $2 14. Nxg5) 14. Qxc4 Nd5 15. Nd3 $16 {[%csl Gc8][%cal Gf3e5]})
13. Nd3 Bd7 14. Nfe5 $16 Be8 15. a3 ({nothing gives:} 15. Qb3 Qb6) 15... Nc7
16. Qb3 Rb8 17. f4 Kh8 18. fxg5 Bxg5 19. Nf4 Qe7 20. Qc3 $6 {After the
forthcoming move of black, 20.Qc3 turns the loss of tempo.} (20. Qe3 $142 {
still keeping some edge.}) 20... Bf6 21. Qe3 dxc4 $1 {The time to activate
some of black pieces.} 22. Nxc4 Rd8 23. Ne5 Qg7 {[%cal Gf8g8,Yd8d4] In this
position I was thinking that finally I have some chances even for a win, but...
} 24. Qb3 $1 b6 (24... Bxe5 25. dxe5 Rxd1 26. Rxd1 Qxe5 27. Qxb7 Qe3+ 28. Kh1
Nd5 {and black is holding position quite succesfully.}) 25. Nxc6 Bxc6 26. Bxc6
Bxd4+ {White could go on for a while, but black probably has a way to get the
balance.} (26... Bxd4+ 27. Kg2 Bxb2 28. Rxd8 Rxd8 29. Nxe6 Nxe6 30. Qxe6 Qg6 $1
(30... Bxa3 31. Rxf5 $14)) 1/2-1/2

[Event "RUS-Cup10"]
[Site "Tomsk"]
[Date "1997.07.23"]
[Round "3"]
[White "Korniushin, Nikolay"]
[Black "Ulybin, Mikhail"]
[Result "0-1"]
[WhiteElo "2250"]
[BlackElo "2535"]
[Annotator "Tyomkin,D"]
[PlyCount "44"]
[EventDate "1997.07.21"]
[EventType "swiss"]
[EventRounds "9"]
[EventCountry "RUS"]
[SourceTitle "EXT 2000"]
[Source "ChessBase"]
[SourceDate "1999.11.16"]
[SourceVersion "1"]
[SourceVersionDate "1999.11.16"]
[SourceQuality "1"]

1. d4 {Hansen,LB} e6 2. c4 f5 3. g3 Nf6 4. Bg2 c6 5. Nf3 d5 {The Stonewall is
a good opening for playing for a win with Black. It combines strategic and
tactical play.} 6. O-O Bd6 7. b3 (7. Bf4 {Hansen,LB}) 7... Qe7 8. Bb2 (8. Ne5 {
Hansen,LB}) 8... b6 9. Ne5 Bb7 10. Nd2 O-O 11. Rc1 a5 12. Ndf3 Na6 13. Nd3 Ne4
(13... Nb4 {Tyomkin,D} 14. c5 $1 bxc5 15. dxc5 Bc7 16. a3 Na6 (16... Nxd3 17.
exd3 $1 {[%cal Ge1e6]}) 17. Nfe5 Nb8 18. f3 {[%cal Ge2e4]} Nbd7 19. Nxd7 Nxd7
20. e4 fxe4 21. fxe4 Rxf1+ 22. Qxf1 Ba6 23. Qd1 Rb8 24. exd5 cxd5 (24... exd5
$5 25. Bd4 $13) 25. c6 $36 {Chiburdanidze,M-Agdestein,S/Haninge 1988/CBM 08/
0-1 (56)} (25. c6 {Hansen,LB} Nf6 26. Nc5 Bc8 27. Kh1 Bd6 28. Nd3 {
Chiburdanidze,M-Agdestein,S/Haninge 1988/CBM 08/0-1 (56)})) 14. Nfe5 c5 $146 {
Hansen: A thematic push in the Stonewall. Black increases his central grip.} (
14... Rac8 {Tyomkin,D} 15. e3 (15. Qe1 Rfd8 16. f3 Nf6 {1/2-1/2 Gostisa,
L-Tibensky,R/Mitropa Cup 1995/EXP 46}) 15... c5 (15... c5 {1/2-1/2 Temirbaev,
S-Gleizerov,E/Prague Mladi op 1990/EXT 90op}) 16. dxc5 bxc5 17. Nf4 Nb4 (17...
dxc4 18. Nxc4 Bc7 19. f3 $14 {[%csl Ra5,Rc5]}) 18. a3 Bxe5 19. Bxe5 Nc6 {
1/2-1/2 Avrukh,B-Gleizerov,E/St.Petersburg op 1994/CBM 41} 20. Ba1 dxc4 21.
bxc4 Rfd8 22. Qa4 $14) 15. e3 Nb4 {>< a2} 16. a4 (16. dxc5 $5 bxc5 17. a3 Nxd3
(17... Nc6 18. Nxc6 Bxc6 19. Nf4 dxc4 20. bxc4 Rfd8 $13) 18. Nxd3 a4 19. f3 Nf6
$132) 16... Rac8 17. Nxb4 $6 (17. f3 Nxd3 (17... Nf6 {Hansen,LB} 18. Qe2 $13)
18. Nxd3 (18. Qxd3 $2 Bxe5 19. dxe5 dxc4 $17) 18... dxc4 (18... Nf6) 19. bxc4 (
19. fxe4 cxd3 20. Qxd3 Rcd8 $15) 19... Nf6 20. Qb3 $13) 17... axb4 {[%csl Rb3,
Gb4] another black pawn approached to the center} 18. dxc5 $2 (18. f3 $142 Nf6
19. Qe2) 18... bxc5 $17 {[%cal Gd8d2] Hansen: During the past two moves Black
has greatly improved his position. Two pawns have moved towards the centre!
This gives Black increased control of the centre and the better chances.} 19.
Re1 $2 (19. f3 Nc3 20. Bxc3 bxc3 21. f4 Bxe5 (21... d4 22. Bxb7 Qxb7 23. exd4
cxd4 24. Nd3 $132) 22. fxe5 dxc4 23. Bxb7 Qxb7 24. Rxc3 Rfd8 25. Qc2 cxb3 26.
Rxb3 Qd5 $17) (19. Qc2 Bxe5 20. Bxe5 dxc4 21. bxc4 Rfd8 {[%csl Ra4,Rc4][%cal
Gb7g2,Ye4g5,Gd8d2]}) 19... Rfd8 20. Qc2 $2 (20. Qh5 Nd2 (20... Bxe5 21. Bxe5
dxc4 (21... Nd2 {-20...Nd2}) 22. Bxe4 (22. bxc4 Nd2 $17) 22... Bxe4 23. bxc4
Qb7 $17 {[%csl Ra4,Gb4,Rc4][%cal Ge4h1,Ge4f3]}) 21. Rcd1 Nxb3 (21... dxc4 22.
Bxb7 Qxb7 23. Rxd2 c3 24. Rxd6 Rxd6 25. Bc1 Rcd8 26. e4 $1 $13) 22. cxd5 Bxe5
23. Bxe5 Bxd5 (23... g6 $2 24. d6) 24. Bxd5 exd5 25. Qxf5 g6 (25... c4 $2 26.
Rxd5) (25... Rf8 26. Qd3 Qxe5 27. Qxb3 {[%csl Rd5]}) 26. Qf6 (26. Qf4 Rc6 (
26... Rf8 $6 27. Bd6) 27. Bb2 c4 $19) 26... Qxf6 27. Bxf6 Rd6 28. Be5 Rd7 $19 {
[%csl Ra4][%cal Yg8f7,Yf7e6,Gc8a8,Rc5c4,Rc4c3]}) (20. Nd3 dxc4 21. bxc4 Bc7 $17
{[%csl Ra4,Rc4][%cal Gd8d3]} (21... Ra8 $5 {[%cal Gb7c6]} 22. Ra1 Bc7 $17)) {
[%tqu "En","How can black get decisive advantage in this position","","",
"d6e5","",10]} 20... Bxe5 $19 21. Bxe5 dxc4 22. Qxc4 (22. Bxe4 cxb3 23. Qxb3
Bxe4 $19 {[%cal Ge4h1,Ge4d5]}) (22. bxc4 {Hansen,LB} Rd2 $19) {[%tqu "En","and
what did you intend to play in this position?","","","e4d2","",10,"e4d2","",0]}
22... Nd2 (22... Nd2 23. Qc2 (23. Qb5 {Hansen,LB} Bxg2 24. Kxg2 Nxb3 $19) 23...
Bxg2 24. Kxg2 Qb7+ $19 {[%cal Gb7g2]}) 0-1

[Event "Ordzhonikidze zt 1.9"]
[Site "Ordzhonikidze"]
[Date "2000.06.14"]
[Round "6"]
[White "Maksimenko, Andrei"]
[Black "Moiseenko, Alexander"]
[Result "0-1"]
[WhiteElo "2495"]
[BlackElo "2573"]
[Annotator "Tyomkin,D"]
[PlyCount "56"]
[EventDate "2000.06.09"]
[EventType "swiss"]
[EventRounds "9"]
[EventCountry "UKR"]
[SourceTitle "CBM 078"]
[Source "ChessBase"]
[SourceDate "2000.10.18"]
[SourceVersion "1"]
[SourceVersionDate "2000.10.18"]
[SourceQuality "1"]

1. d4 e6 2. Nf3 f5 3. c4 Nf6 4. g3 d5 5. Bg2 c6 6. O-O Bd6 7. Bf4 Bxf4 8. gxf4
O-O 9. e3 Qe7 {From all these moves I like 9...Bd7 more. Black queen can be
developed to b6, while white plays Qb3.} (9... Nbd7) (9... Bd7) (9... Ne4) 10.
Qc2 (10. Nbd2 b6 $5 {Rare way of development in this line with 7.Bf4 Bxf4, but
black has proved that this plan is possible in this position too.} 11. Rc1 Bb7
12. Ne5 Kh8 13. a3 Rc8 14. Qa4 c5 15. dxc5 bxc5 16. b4 Nbd7 17. Nxd7 Nxd7 18.
cxd5 Bxd5 19. Bxd5 {1/2-1/2 Riazantsev,A-Ulibin,M/Samara RUS 2000/The Week in
Chess 295 (19)}) 10... Kh8 $146 (10... Bd7 11. Nbd2 Be8 12. cxd5 cxd5 13. Qc5
Nc6 14. Qxe7 Nxe7 15. Rfc1 Nc6 16. Nb3 $14 {1-0 Hillarp Persson,T-Williams,S/
St. Helier JER 1999 (31)}) (10... Ne4 11. Nc3 Nd7 12. Ne5 Nxe5 13. dxe5 $1 Nxc3
14. Qxc3 $14 {0-1 Botsari,A-Gleizerov,E/Stockholm SWE 1999 (52)}) 11. Nbd2 Ne4
12. Nxe4 fxe4 13. Ne5 $2 {[%mdl 16384] Now black trades knights by Nd7, and
then moves the bishop to e8. Black doesn't have any problems this way.} (13.
Nd2 {[%cal Gf2f3] was the logical way to play in this position.}) 13... Nd7 14.
Nxd7 Bxd7 15. f3 exf3 16. Rxf3 Rf6 17. Rh3 h6 18. Rg3 c5 $1 {Typical break. It
brings black an equality.} 19. cxd5 cxd4 20. exd4 (20. Qc7 exd5 21. Qxb7 Re8 {
-like in the game.}) 20... exd5 21. Qc7 Re8 22. Qxb7 $2 {After 22.Bxd5, the
game should be drawn.} (22. Bxd5 Bc6 23. Qxe7 Rxe7 24. Bb3 Rxf4 25. d5 Bd7 $11
{[%cal Gg7g5]}) 22... Rxf4 23. Rf1 $2 (23. Bxd5 Rxd4 24. Bg2 Qc5 25. Kh1 Rd2
$15 {Despite of few material on the board, black is better, because the black
king is safer.}) 23... Rxf1+ 24. Bxf1 Rf8 {White doesn't have a way to protect
all his weaknesses.} 25. Qa6 {[%cal Ga6e2]} (25. Qxd5 Qf6 $19 {[%cal Rf6f2,
Rf6f1]}) 25... Qb4 {[%csl Rb2,Rd4]} 26. Qd3 Qxb2 27. Rg2 Qa1 28. a3 $2 {
loses at once.} (28. Rd2 Qe1 {[%cal Rd7h3] Of course, black is winning, but
nothing forced after accurate 29.Rc2 or 29.Rb2.}) 28... Bh3 0-1

[Event "Olympiad-36"]
[Site "Mallorca"]
[Date "2004.10.26"]
[Round "11"]
[White "Papaioannou, Ioannis"]
[Black "Agdestein, Simen"]
[Result "1-0"]
[WhiteElo "2577"]
[BlackElo "2589"]
[Annotator "Roiz,M"]
[PlyCount "67"]
[EventDate "2004.10.15"]
[EventType "team-swiss"]
[EventRounds "14"]
[EventCountry "ESP"]
[SourceTitle "CBM 104"]
[Source "ChessBase"]
[SourceDate "2005.01.27"]
[SourceVersion "1"]
[SourceVersionDate "2005.01.27"]
[SourceQuality "1"]
[WhiteTeam "Greece"]
[BlackTeam "Norway"]
[WhiteTeamCountry "GRE"]
[BlackTeamCountry "NOR"]

1. d4 e6 2. g3 f5 3. Bg2 Nf6 4. c4 c6 5. Nd2 $5 {A tricky move. White is
waiting with a development of the Ng1, as after d7-d5 it could be comfortably
placed on h3. At the same time, black is ready to meet an immediate 5.Nh3 with
5...Bb4+ 6.Bd2 Bxd2+ 7.Qxd2 d6 or 5...d6.} ({Another ''waiting'' move is:} 5.
Qc2 d6 6. Nf3 e5 7. dxe5 (7. Nc3 $5 e4 8. Ng5 d5 9. f3 exf3 10. Nxf3 dxc4 11.
O-O Be7 12. b3 cxb3 13. Qxb3 Qb6 14. Qc2 $44 {1-0 Vaisser,A-Almeida,M/
Fuerteventura 1992/TD (63)}) 7... dxe5 8. O-O Bd6 9. Nc3 e4 10. Ng5 h6 11. Nh3
O-O 12. f3 exf3 13. exf3 Na6 $11 {1/2-1/2 Davies,N-Agdestein,S/Port Erin 2003/
CBM 96 ext (32)}) 5... d5 6. Nh3 ({The World Champion has got a classical
advantage after:} 6. Qc2 Bd6 7. Nh3 O-O 8. Nf3 Bd7 (8... b6 9. O-O Ne4 10. Nf4
Qe7 11. Nd3 Bb7 12. Bf4 Nd7 13. Bxd6 Qxd6 14. b4 Ba6 15. c5 bxc5 16. bxc5 $14 {
1/2-1/2 Gligoric,S-Sedlak,N/Budva 2002/EXT 2003 (99)}) 9. O-O Be8 10. Bf4 h6
11. Bxd6 Qxd6 12. Nf4 Nbd7 13. Nd3 $14 {[%csl Gd3,Re5,Gf3] 1-0 Kasparov,
G-Nikolic,P/New York 1994/CBM 41 ext (71)}) 6... Bd6 7. Nf4 $5 {[%cal Gf4d3,
Gd2f3] A standard transfer of the knight-it goes to d3 in order to take
control on important central square.} ({The alternative is:} 7. Nf3 {leaving
the ''f4'' square for the dark-squared bishop} O-O 8. O-O Nbd7 9. Bf4 Be7 10.
Qc2 Nh5 11. Bg5 h6 12. Bxe7 Qxe7 13. Ne1 g5 14. Nd3 Qg7 15. e3 f4 16. Qe2 Nhf6
17. gxf4 g4 $132 {1/2-1/2 Dreev,A-Radjabov,T/Tallinn EST 2004/The Week in
Chess 487 (54)}) (7. Qc2 O-O 8. O-O {-->leads to a well known theoretical
position.}) 7... O-O 8. Qc2 b6 9. Nf3 Qe7 {[%csl Re6][%cal Ye7e6,Gc8b7,Gc8a6]
That move is more or less necessary-otherwise black couldn't complete the
development of his qside.} 10. O-O (10. Nd3 Ba6 11. b3 Nbd7 {1/2-1/2
Zilberstein,V-Gleizerov,E/St Petersburg 1995/CBM 46 ext (11)}) 10... Ba6 (10...
Ne4 11. Nd3 Bb7 (11... Ba6 12. Nfe5 $14) 12. Bf4 (12. Rd1 Nd7 13. Bf4 Bxf4 14.
Nxf4 Rac8 15. Qa4 a6 16. cxd5 cxd5 17. Rac1 $14 {1/2-1/2 Alexandrova,O-Slavina,
I/Istanbul 2003/CBM 94 ext (45)}) 12... Bxf4 13. Nxf4 Nd7 14. Rfc1 Rac8 15. Qa4
a5 16. cxd5 cxd5 17. e3 Ba6 18. h4 $14 {1-0 Lalic,B-Peralta,F/Saint Vincent
2001/CBM 80 ext (41)}) 11. b3 Nbd7 12. a4 $146 {The plan of advancing ''a''
pawn is typical in that type of positions, but it's quite slowly and allows
black to reach a counterplay by c6-c5.} (12. Ng5 Bxf4 13. Bxf4 Rac8 14. cxd5
Nxd5 15. Rfe1 c5 16. Bxd5 exd5 $11 {1/2-1/2 Supatashvili,K-Graf,A/Batumi 2002/
CBM 90 (29)}) 12... Bb7 {Black prepares a standard freeing move 13...c5.} ({
Deserved attention also:} 12... Ne4 $5 13. a5 Rfc8 14. Rd1 Bxf4 $1 15. Bxf4 c5
$132 {with a heavy piece play.}) 13. a5 c5 14. a6 {That pawn may be very
powerful in the endgame,but it looks far away from the endgame...} Bc6 15. dxc5
{White is trying to exploit some vulnerablity of Bc6.} Bxf4 $6 {A strange
decision. There was no reason to exchange an important bishop, as now the dark
squares in black's enemy become vulnerable.} ({Better was the most natural:} 
15... bxc5 $142 16. cxd5 Nxd5 (16... exd5 $2 17. Nd4 $1 $16 {[%csl Rc6]}) 17.
Nxd5 (17. Nd4 cxd4 18. Qxc6 Nxf4 19. Bxf4 Bxf4 20. gxf4 Nc5 $132) (17. Nd3 e5
$1 $132) 17... Bxd5 $11 {[%csl Rb3][%cal Ga8b8]}) 16. Bxf4 bxc5 17. Ne5 {
It's important to get control on e5, not allowing black to seize the space by
e6-e5 and d5-d4.} ({Nothing promises} 17. cxd5 Bxd5 18. Rfd1 Rac8 $11) 17...
Nxe5 18. Bxe5 Rac8 {Now 18...d5-d4 is a serious strategical threat, so the
exchange on d5 is forced.} ({Black could keep the knight on the board:} 18...
Nd7 19. Bb2 Rac8 20. cxd5 Bxd5 (20... exd5 21. e3 $14) 21. Rfd1 $14 {but
white's position is preferable,as his Bb2 is very powerful.}) 19. cxd5 Bxd5 20.
Bxf6 {Transforming the advantage.} ({After} 20. Rfd1 Ng4 $1 21. Bb2 {black
could get create some counterplay after:} f4 22. Ra4 Qg5 $132) 20... Rxf6 ({
I would prefer:} 20... Qxf6 $5 21. Ra5 (21. Rfd1 $6 f4 $1 $132) (21. e4 $5 fxe4
22. Bxe4 Bxe4 23. Qxe4 $14) 21... Rfd8 22. Rd1 Bxg2 23. Kxg2 Rxd1 24. Qxd1 $14
{and white has only a minimal advantage.}) 21. Rfd1 Bxg2 22. Kxg2 $14 {Now
white is controlling the only open file.} f4 $6 {Black is looking for some
counterplay, but that's only creates an additional weaknesses.} (22... Kh8 23.
Rd2 e5 24. Rad1 $36) (22... e5 23. Qc4+ Kh8 24. Rd5 $36) ({A passive strategy
was preferable:} 22... Qc7 $142 23. Qc4 Qb6 $14) 23. Qe4 $1 {An ideal square
for the queen. Here it attacks black's weak pawns and protects the monarch.}
fxg3 (23... Rcf8 24. f3 Rb8 25. Rd3 $14) 24. hxg3 Rb8 25. Rd3 {Little by
little black's position become quite unpleasant,as he is totally passive.} Rf5
(25... Rb4 26. Qe3 Qc7 27. Rad1 $36) 26. Rad1 $16 {[%cal Gd3d7] Now the
penetration of white's rook is practically unavoidable.} h5 ({Badly was also:} 
26... Rf7 27. Rd6 Re8 (27... e5 28. R1d5 $16) 28. Qc6 $16 {and white has a
full domination.}) 27. Re3 ({The immediate penetration was also possible:} 27.
Rd7 $5 Qf6 28. f3 Re5 29. Qc4 $16 Re3 $140 30. Rb7 Rd8 31. Rxd8+ Qxd8 32. Rxa7
Qd2 33. Kf2 $18) 27... Qf7 (27... Re8 28. f3 $16 {[%cal Ge4c6,Ge3d3]}) 28. f3
Rd5 ({Black had no time for taking the Pa6:} 28... Rb6 29. Red3 Rxa6 30. Rd8+
Kh7 31. g4 Qg6 32. Qa8 $18) 29. Red3 Rb4 ({The weakness of black's monarch is
obvious in the following variation:} 29... Rxd3 30. Rxd3 Qf5 31. Qe3 Rb6 (31...
Kh7 32. Rd7) 32. Rd8+ Kh7 33. Rc8 $1 $16) 30. Qe3 Rxb3 ({An attempt to swap
the pawns fails to:} 30... c4 31. bxc4 Rxc4 32. Rb1 $1 Rc7 33. Rb8+ Kh7 34.
Qe4+ g6 35. Rxd5 exd5 36. Qe5 Qg7 37. Qxd5 $18 {[%cal Gb8b7]}) (30... Rxd3 31.
Rxd3 Qe7 32. Qe5 $16) 31. Rxb3 Rxd1 32. Rb7 Rd7 $2 {This loses immediately.} ({
More resistant was:} 32... Qf5 33. Rxa7 Rd6 $1 (33... h4 34. gxh4 Qg6+ 35. Qg5
Qxg5+ 36. hxg5 Kh7 (36... Ra1 37. g6 $18) 37. Re7 Kg6 38. Rxe6+ Kxg5 39. Re5+
$18) 34. Ra8+ Kh7 35. a7 Ra6 36. Rf8 $1 Qd5 (36... Qxf8 37. Qd3+ Kh6 38. Qxa6
$18) 37. Rc8 Ra5 38. a8=Q Rxa8 39. Rxc5 Qa2 40. Rxh5+ Kg8 $16 {although
black's position is very hard, as he is a pawn down and his king is weak.}) 33.
Qxc5 $18 {Finally white's Pa6 decides the game!} Kh7 (33... Rxb7 34. Qc8+ Kh7
35. axb7 $18) 34. Qxa7 1-0